000 00895nas a2200313 4500
001 BR7802778
003 BR-BrBNA
005 20231205083420.0
007 ta
008 230509b bl.|||p| |||| 00| 00por d
040 _aBR-BrBNA
_bpor
_cBiblioteca Nacional de Agricultura
041 _a(Pt)
072 _aF00
100 1 _aMaeda, J.A.
100 1 _aLago, A.A. do
100 1 _aZink, E.
100 1 _aKrzyzanowshi, F.C.
100 1 _aCia, E.
100 1 _aRodrigues Filho, F.S.O.
100 1 _aFerraz, C.A.M.
245 1 _aGerminacao de sementes de algodoeiro deslintadas por diferentes metodos [Gossypium hirsutum]
650 _aALGODAO
650 _aGERMINACAO
650 _aSEMENTE
650 _aRENDIMENTO
773 0 _tBragantia (Brazil)
_xISSN 0006-8705
_g(Oct 1977), v. 36(25) p. 253-258
_wBR7802778
909 _a202311
_bLúcia
_c55
_dLúcia Elande
942 _2AGRIS
_n0
_cANA
999 _c98602
_d98602